000 01433nam0a22003491 4500
001 v19\rc\1957259
005 20251118180950.2
035 _a(NLR Aleph) 005041477
090 _a6798313
_c6798313
100 _a20080428d1913 |||y0rusy50 ca
101 0 _arus
102 _aRU
105 _aa z |||||
200 1 _aСвекловичный долгоносик (Cleonus punctiventris Germ.) и меры борьбы с ним
_eС.-х. монография
_fСост. В. Поспелов, адъюнкт-проф. Воронеж. с.-х. ин-та имп. Петра I
_gГл. упр. землеустройства и земледелия. Деп. зем.
205 _a2-е изд.
210 _aСанкт-Петербург
_cДеп. зем. по прикл. энтомологии
_d1913
215 _a116, [4] с., 3 л. ил.
_cил., табл.
_d24
532 1 3 _aСвекловичный долгоносик Cleonus punctiventris Germ. и меры борьбы с ним
700 1 _aПоспелов
_bВ. П.
_f1872-1949
_gВладимир Петрович
_4220
801 0 _aRU
_bNLR
_gpsbo
801 0 _aRU
_bRuMoRGB
_2psbo
801 1 _aRU
_bProSoft-M
_2rusmarc
852 _aNLR
_j37.45.4.41
852 _aNLR
_j131/1191
899 _aRuMoRGB
_jS 2/526
899 _aRuMoRGB
_jS 50/491
899 _aБАН
899 _aНБ СПбГУ
899 _aНБ МГУ
942 _cBOOK
980 _aNB